Responses for show #4199 - Thursday, November 28, 2002

Contestants

Karen Wallace-Meigs, a non-profit management consultant from Durham, North Carolina

Frank Stevens, a court officer from Shreveport, New York

Faith Love, a systems analyst from Boyds, Maryland (whose 3-day cash winnings total $35,401)

Jeopardy! Round responses

THE CARS
CRY BEOWULF
SO GREAT THEY NEED 2 NICKNAMES
20th CENTURY QUOTES
HOW AM "I" DOING?
SAFARI SO GOOD
    $200 6
a Dodge Stratus

Triple Stumper
    $200 26
London

Karen
    $200 1
"Magic" Johnson

Frank
    $200 11
Einstein

Frank
    $200 16
the Iron Curtain

Faith
    $200 21
Nancy Drew

Faith
    $400 7
a Cutlass

Faith
    $400 27
an epic

Frank
    $400 2
The Bambino

Frank
    $400 12
Johnson

Faith
    $400 17
IBM

Faith
    $400 22
(Henry) Stanley

Frank
    $600 8
a Breeze

Faith
    $600 28
Grendel

Frank
    $600 3
(Alex: He was [*]. He was very good, even when he was young.)

"The Kid"

Triple Stumper
    $600 13
"the audience"

Triple Stumper
    $600 18
an idiom

Frank
    $600 23
Swahili

Triple Stumper
    $1,000 9
an Eclipse

Faith
    $800 29
[The end-of-round signal sounds.]

a dragon

Faith
    $800 4
Tom Seaver

Karen
    $800 14
Sam Ervin

Frank
    $800 19
ichthyophobia

Faith
    $800 24
Nairobi

Karen
    $1000 10
a Continental

Faith
    $1000 5
(Alex: Also known as "The Galloping Ghost", [*].)

"Red" Grange

Triple Stumper
    $1000 15
"blood, toil, tears & sweat"

Faith
    $1000 20
(Faith: What is an ion?)

an isotope

FaithFrank
    $1000 25
Marlin Perkins

Frank

Scores at the first commercial break (after clue 15):

Faith Frank Karen
$4,400 $1,600 $800

Scores at the end of the Jeopardy! Round:

Faith Frank Karen
$5,800 $5,600 $1,800

Double Jeopardy! Round responses

THE CARS
CIVIL WAR PEOPLE
GONE BUT NOT FORGOTTEN, 2001
EUROPE
DEM BONES
15-LETTER WORDS
    $400 6
Andy Warhol

Karen
    $400 9
the Congressional Medal of Honor

Frank
    $400 1
Imogene Coca

Frank
    $400 19
Italy

Faith
    $400 22
sternum

Karen
    $400 16
(Faith: What is optometrist?)

ophthalmologist

FaithFrank
    $800 7
Vargas

Frank
    $800 10
Sherman

Frank
    $800 2
Douglas Adams

Faith
    $800 20
(Frank: What is Yugoslavia?)
(Alex: Be more specific.)
(Frank: [Grimaces] I'm sorry.)

Serbia

Frank
Triple Stumper
    $800 23
the wrist

Frank
    $800 17
methamphetamine

Triple Stumper
    $1200 8
(Karen: Who is Paulina Porzikova?)
(Faith: Who is Paulina Portzikova?)

Paulina Porizkova

FaithKaren
Triple Stumper
    $2,000 11
(Frank: Who is "Stonewall" Jackson?)

Jefferson Davis

Frank
    $1200 3
Dr. Christiaan Barnard

Faith
    $1,000 21
(Faith: What is Germany?)
(Alex: Nope. Had to pick the neighbor, [*], Paris & Chamonix.)

France

Faith
    $1200 24
(Faith: What is the ulna?)

humerus

FaithKaren
    $1200 18
outdoorsmanship

Triple Stumper
    $1600 14
(Frank: What is "All I Want"?)
...
(Frank [After hearing the correct response]: Right song, wrong title.)

"You Might Think"

Frank
Triple Stumper
    $1600 12
Matthew, Mark, John & Luke

Frank
    $1600 4
Robert Ludlum

Triple Stumper
    $1600 27
the Warsaw Pact

Frank
    $1600 25
(Frank: What is the pelvis?)

the hip bone

Frank
Triple Stumper
    $1600 29
[The end-of-round signal sounds.]

a photojournalist

Faith
    $2000 15
"Shake It Up"

Triple Stumper
    $2000 13
(Alex: And the political cartoonist was [*].)

Thomas Nast

Triple Stumper
    $2000 5
(William) Masters

Karen
    $2000 28
(Frank: What is the Hapsburg?)

the Austro-Hungarian

Frank
Triple Stumper
    $2000 26
maxilla

Karen

Scores at the end of the Double Jeopardy! Round:

Faith Frank Karen
$6,000 $4,400 $6,600

[wagering suggestions for these scores]

Final Jeopardy! Round responses

THE CALENDAR
FrankWhat was 11/29/99?
$2,201
FaithWhat is 11-31-1999?
$600
KarenWhat is 9-9-99?
$4,500
11-19-1999

Final scores:

Faith Frank Karen
$5,400 $2,199 $2,100
4-day champion: $40,801 2nd place: $2,000 3rd place: $1,000

Game dynamics:

Coryat scores:

Faith Frank Karen
$6,800 $6,400 $6,600
15 R
(including 1 DD),
5 W
(including 1 DD)
18 R,
5 W
(including 1 DD)
8 R,
1 W

Combined Coryat: $19,800

The J! Archive is created by fans, for fans. The Jeopardy! game show and all elements thereof, including but not limited to copyright and trademark thereto, are the property of Jeopardy Productions, Inc. and are protected under law. This website is not affiliated with, sponsored by, or operated by Jeopardy Productions, Inc. Join the discussion at JBoard.tv.